| 000 | 01300cam a2200313Ii 4500 | ||
|---|---|---|---|
| 001 | silversun00spri | ||
| 003 | CaSfIA | ||
| 005 | 20210119082341.0 | ||
| 007 | cr|||| | ||
| 008 | 800924s1980 nyua 000 1 eng d | ||
| 040 |
_aIGA _cIGA _dOCLCQ _dERE _dCaSfIA |
||
| 019 | _a6632367 | ||
| 020 |
_a0671834967 : _c$2.50 |
||
| 020 | _a9780671834968 | ||
| 035 |
_a(OCoLC)6746793 _z(OCoLC)6632367 |
||
| 050 | 4 |
_aPS3569.P685 _bS54 1980 |
|
| 092 | _aFic | ||
| 100 | 1 | _aSpringer, Nancy. | |
| 245 | 1 | 4 |
_aThe silver sun / _h[electronic resource] _cNancy Springer. |
| 260 |
_aNew York : _bPocket Books, _c1980. |
||
| 300 |
_a292 p. : _bill. ; _c18 cm. |
||
| 500 | _a"Based on her earlier novel, The book of suns." | ||
| 029 | 1 |
_aAU@ _b000010605326 |
|
| 856 | 4 | 1 |
_uhttp://www.archive.org/details/silversun00spri _zFree eBook from the Internet Archive |
| 856 | 4 | 2 |
_uhttp://www.openlibrary.org/books/OL7666668M _zAdditional information and access via Open Library |
| 942 | _cEB | ||
| 506 | _fНеобхідна авторизація на https://archive.org/ (створення облікового запису безкоштовно) | ||
| 506 | _fНеобхідна авторизація на https://openlibrary.org/ (створення облікового запису безкоштовно) | ||
| 999 |
_c549028 _d549028 |
||